| 000 | 00775nam a2200193 a 4500 | ||
|---|---|---|---|
| 008 | 081216s2007 ||||||||||||||||| || u | ||
| 050 | _aKYO-UNI(05)ASM | ||
| 100 | _aAraki, Minako | ||
| 245 | 1 | 0 |
_aRural development reconsidered: people's responses to globalization in Tanzania _cEdited by Juichi Itani and Minako Araki |
| 260 |
_aKyoto _bKyoto University _c2007 |
||
| 300 | _a93p.: ill | ||
| 350 | _a0.00 | ||
| 490 | _aAfrican Study Monographs | ||
| 650 | _aRURAL DEVELOPMENT--TANZANIA | ||
| 650 | 0 | _aAFRICA--ECONOMIC CONDITIONS | |
| 650 | _aGLOBALIZATION--TANZANIA | ||
| 700 | _aItani, Juichi | ||
| 995 |
_D0.00 _FCBU-MAIN LIBRARY (Kitwe) _H1 _I0.00 _M36 _UAVAILABLE _WDec 16, 2008 _ZInternational Publications |
||
| 999 |
_c56816 _d56816 |
||